Catálogo
 En Linea

A woman in a man's world / (Registro nro. 17774)

Detalles MARC
000 -CABECERA
campo de control de longitud fija 00516cam a2200169 4500
001 - NÚMERO DE CONTROL
campo de control 000018253
005 - FECHA Y HORA DE LA ÚLTIMA TRANSACCIÓN
campo de control 20200929165425.0
008 - DATOS DE LONGITUD FIJA--INFORMACIÓN GENERAL
campo de control de longitud fija 730924s1972 xxc rb 000 0beng
020 ## - NÚMERO INTERNACIONAL ESTÁNDAR DEL LIBRO
Número Internacional Estándar del Libro 0771019157
040 ## - FUENTE DE LA CATALOGACIÓN
Centro catalogador/agencia de origen DO-SdBNP
Lengua de catalogación spa
Centro/agencia transcriptor BNPHU
082 ## - NÚMERO DE LA CLASIFICACIÓN DECIMAL DEWEY
Número de clasificación xxxx
Número de documento/Ítem xxxx
100 1# - ENTRADA PRINCIPAL--NOMBRE DE PERSONA
Nombre de persona Casgrain, Therese F.
9 (RLIN) 39543
245 10 - MENCIÓN DE TÍTULO
Título A woman in a man's world /
Mención de responsabilidad, etc. Therese F. Casgrain ; traducción Joyce Marshall.
260 ## - PUBLICACIÓN, DISTRIBUCIÓN, ETC.
Lugar de publicación, distribución, etc. Canada :
Nombre del editor, distribuidor, etc. McClelland and Stewart,
Fecha de publicación, distribución, etc. 1972.
300 ## - DESCRIPCIÓN FÍSICA
Extensión 192 p. ;
Dimensiones 24 cm.
590 ## - NOTA LOCAL (RLIN)
Nota local Inventariado, 2019/BT
Existencias
Estado de retiro Estado de pérdida Restricciones de uso No para préstamo Código de colección Localización permanente Ubicación/localización actual Ubicación en estantería Fecha de adquisición Número de inventario Total de préstamos Signatura topográfica completa Código de barras Fecha visto por última vez Precio válido a partir de Tipo de ítem Koha
      Excluido de préstamo Monografías: Libros y Folletos General General En catalogación 22.04.2010 LF1   xxxx xxxx 18253-10 25.06.2020 25.06.2020 No se presta

Con tecnología Koha